Largest South American Cities on a Borderless Map - Statistics

General Stats
  • This quiz has been taken 102 times
  • The average score is 19 of 40
Answers on the Map
Answers color-coded by a green-red scale on the quiz's map according to % correct below.
 
Answer Stats
Answer % Correct
Manaus
79%
Santiago
77%
Lima
74%
Montevideo
74%
Quito
74%
Barranquilla
64%
Bogota
64%
Buenos Aires
64%
Guayaquil
64%
Asunción
62%
Belém
62%
Brasilia
62%
Rio de Janeiro
62%
Caracas
59%
La Paz
54%
Maracaibo
54%
Salvador
51%
Cali
49%
Mendoza
49%
Recife
49%
Santa Cruz de la Sierra
49%
Belo Horizonte
46%
Porto Alegre
46%
Rosario
46%
São Paulo
44%
Fortaleza
41%
Córdoba
38%
Medellin
36%
Curitiba
33%
São Luís
31%
Cochabamba
28%
Bucaramanga
26%
Campinas
26%
Goiânia
26%
Natal
23%
Vitória
23%
Santos
21%
Valencia
21%
João Pessoa
15%
Maracay
8%
No matching quizzes found
Score Distribution
Percent of People with Each Score
Percentile by Number Answered
Your Score History
You have not taken this quiz